000 00384nam a22001697a 4500
003 OSt
005 20220204104555.0
008 220204b |||||||| |||| 00| 0 eng d
020 _a8131207285
040 _cHU
082 _a621.816
100 _aMobley R. Keith
_929723
245 _aVibration Fundamentals
260 _aIndia
_bNew Delhi
300 _f295
942 _2ddc
_cBOOKS
_n0
999 _c29264
_d29264